Normal view
MARC view
Entry Personal Name
001 - CONTROL NUMBER
- control field: 48038
003 - CONTROL NUMBER IDENTIFIER
- control field: ARRUPE
005 - DATE AND TIME OF LATEST TRANSACTION
- control field: 20190904111518.0
008 - FIXED-LENGTH DATA ELEMENTS
- fixed length control field: 190904|| aca||aabn | a|a d
040 ## - CATALOGING SOURCE
- Original cataloging agency: ARRUPE
- Transcribing agency: ARRUPE
100 ## - HEADING--PERSONAL NAME
- Personal name: Angaluki, Paschal Isimwamu
670 ## - SOURCE DATA FOUND
- Source citation: Work cat.: (ARRUPE): Angaluki, Paschal Isimwamu, State, Governance and identity politics in Kenya, 2017